000 00326pam a2200157a 44500
008 230515b1900 xxu||||| |||| 00| 0 eng d
020 _aNULL
041 _aMARATHI
082 _a1
100 _aKUNTE
245 _aSTREEROGVIJNAN
250 _a1
260 _aNA
_bN.D.
_c1900
300 _a100
650 _aSTREEROGVIJNAN
999 _c496963
_d496963